| 000 | 00600nam a22001817a 4500 | ||
|---|---|---|---|
| 005 | 20180704165135.0 | ||
| 010 | _aENG-123232 | ||
| 020 |
_a9788184000870 _c499.00 |
||
| 035 | _aEN-106764 | ||
| 037 | _bDBAD/PUB | ||
| 082 | _a305.80095411 | ||
| 100 | _aPandita, Rahul | ||
| 245 |
_aOur moon has blood clots: _cby Rahul Pandita _bthe exodus of the kasmiri pandits / |
||
| 260 |
_aNoida (UP) _bRandom House India _c2013 |
||
| 270 |
_aWindsor IT Park, 7th Floor, Tower-B, A-1, Sector-125, _bNoida (UP) _e201301 |
||
| 300 |
_a258p. _c21cm(Hb) |
||
| 942 |
_2ddc _cEN _mPAN _h305.80095411 |
||
| 999 |
_c152723 _d152723 |
||